Pomocník z literatúry 6 pracovný zošit pre 6. ročník ZŠ a 1. ročník GOŠ : [zošit pre učiteľa]

Bibliographic Details
Main Author: Krajčovičová, Jarmila, 1961- (Author)
Other Authors: Csiba, Viktor (Illustrator)
Format: Book
Language:Slovak
Published: Bratislava Orbis Pictus Istropolitana 2017
Subjects:

MARC

LEADER 00000cam a2200000 a 4500
001 vtls011623089
003 SK-MaSNL
005 20260301042833.0
008 240318s2017 xo a e nf 000 0 slo
015 |a SNBA2017/05 
020 |a 9788081204777  |q (brož.) 
035 |a urn:nbn:sk:snk-am00d5m7 
035 |a urn:nbn:sk:snk-am3hqh8 
035 |a 2B0F13AD-0601-430C-BCD3-518ED6D93120 
040 |a SNK  |b slo  |c SNK  |e AACR2 
041 0 |a slo 
044 |a xo  |c SK 
072 7 |a 82  |x Literatúra. Literárny život  |2 konspekt 
080 |a 37.016:82  |2 2011 
080 |a (075.2)  |2 2011 
080 |a (075.3)  |2 2011 
080 |a (076.1)  |2 2011 
080 |a (072)  |2 2011 
100 1 |a Krajčovičová, Jarmila,  |d 1961-  |4 aut  |9 213384 
245 1 0 |a Pomocník z literatúry 6  |b pracovný zošit pre 6. ročník ZŠ a 1. ročník GOŠ : [zošit pre učiteľa]  |c Jarmila Krajčovičová ; [ilustrácie Viktor Csiba] 
260 |a Bratislava  |b Orbis Pictus Istropolitana  |c 2017 
300 |a 88 s.  |b ilustr.  |c 24 cm 
504 |a Bibliogr. odkazy 
650 0 7 |a literárna výchova  |2 SNKPH  |9 1653 
650 0 7 |a Literary education  |2 SNKPHeng  |9 274096 
655 7 |a učebnice základných škôl  |2 SNKPH  |9 70187 
655 7 |a učebnice stredných škôl  |2 SNKPH  |9 69323 
655 7 |a pracovné zošity  |2 SNKPH  |9 70188 
655 7 |a metodické príručky  |2 SNKPH  |9 70250 
655 7 |a Textbooks (elementary)  |2 SNKPHeng  |9 276977 
655 7 |a Textbooks (secondary)  |2 SNKPHeng  |9 276359 
655 7 |a Activity books  |2 SNKPHeng  |9 302885 
655 7 |a Methodological manuals  |2 SNKPHeng  |9 270866 
700 1 |a Csiba, Viktor  |4 ill  |9 213396 
852 |a Štátna vedecká knižnica v Banskej Bystrici 
919 |a 978-80-8120-477-7 
958 |a NB 
999 |c 592002  |d 593932 
952 |a SNK  |b SNK  |y PREZ  |7 0  |p 17A1258822  |o snkSC 174565  |i snk2017/11047  |8 0  |0 0  |1 0  |4 0  |d 2017-05-12  |f 1  |l 0  |r 2025-09-16 00:00:00  |w 2026-02-23 
952 |a SNK  |b SNK  |y VYP  |7 0  |p 17A1258823  |o snkSC 174565 D1  |i snk2017/11048  |8 0  |0 0  |1 0  |4 0  |d 2017-05-12  |l 0  |r 2026-02-23 15:27:49  |w 2026-02-23